Loire - mort subite - Statistiques

Statistiques générales
  • Ce quiz a été pris 22 fois
  • Le résultat moyen est 9 sur 18
Answers on the Grid
Answers color-coded by a green-red scale on the quiz's grid according to % correct below.
Le-Puy-en-Velay
Feurs
Une zone occupée par La Bavière en 1815
Roanne
Montbrison
Vichy
Saint-Romain-le-Puy
Matola
Chazelles-sur-Lyon
L'Université Jean Monnet
Nemours
Saint-Étienne
Une frontière avec la Saône-et-Loire
Sainte-Croix-en-Jarez
Une banlieue de Lyon
Croix-des-Bouquets
Alès
Château de La Roche
Corte
Gros Islet
Albi
Saint-Chamond
Un club qui ont gagné la ligue dix fois
Comoé
Lay
Une frontière avec l'Isère
Relizane
Les Stéphanois
Maule
Stade Geoffroy-Guichard
Mennecy
Monthey
Un tramway
Firminy
Tignes
Des aigles de Bonelli
 
Statistiques - réponses
Réponse % Correct
Roanne
75%
Saint-Étienne
75%
Riverains de Saint-Étienne Les Stéphanois
69%
L'ancienne préfecture Montbrison
69%
Saint-Chamond
69%
AS Saint-Étienne Un club qui ont gagné la ligue dix fois
69%
L'ancienne préfecture Feurs
63%
Firminy
63%
Stade Geoffroy-Guichard
63%
Le tramway de Saint-Étienne Un tramway
50%
Une frontière avec la Saône-et-Loire
44%
Une frontière avec l'Isère
44%
Château de La Roche
38%
Chazelles-sur-Lyon
38%
L'Université Jean Monnet
38%
Sainte-Croix-en-Jarez
38%
Saint-Romain-le-Puy
19%
Lay
13%
Aucun quiz correspondant
Distribution des résultats
% des personnes avec chaque résultat
Percentile par nombre de réponses
Votre historique - résultats
Vous n’avez pas pris ce quiz